Reexamining the history of Philippine-Spanish relations: (Record no. 81840)

MARC details
000 -LEADER
fixed length control field 00799nam a22002297a 4500
003 - CONTROL NUMBER IDENTIFIER
control field URS
005 - DATE AND TIME OF LATEST TRANSACTION
control field 20250120180916.0
008 - FIXED-LENGTH DATA ELEMENTS--GENERAL INFORMATION
fixed length control field 250120b |||||||| |||| 00| 0 eng d
020 ## - INTERNATIONAL STANDARD BOOK NUMBER
International Standard Book Number 978-971-538-303-5
040 ## - CATALOGING SOURCE
Transcribing agency URS
050 00 - LIBRARY OF CONGRESS CALL NUMBER
Classification number DS668
Item number .R25958 2016
245 10 - TITLE STATEMENT
Title Reexamining the history of Philippine-Spanish relations:
Remainder of title Selected paper, Philippine-Spanish friendship day conference (2013-2015)/
264 #1 - PUBLICATION, DISTRIBUTION, ETC. (IMPRINT)
Place of publication, distribution, etc Manila:
Name of publisher, distributor, etc National Historical Commission of the Philippines,
Date of publication, distribution, etc @2016
300 ## - PHYSICAL DESCRIPTION
Extent vii, 316 pages
Other physical details illustrations,
Dimensions 22.6 cm
336 ## - CONTENT TYPE
Source rdacontent
Content type term text
337 ## - MEDIA TYPE
Source rdamedia
Media type term unmediated
338 ## - CARRIER TYPE
Source rdacarrier
Carrier type term volume
504 ## - BIBLIOGRAPHY, ETC. NOTE
Bibliography, etc It includes notes and references
650 ## - SUBJECT ADDED ENTRY--TOPICAL TERM
Source of heading or term Philippines-History
650 ## - SUBJECT ADDED ENTRY--TOPICAL TERM
Source of heading or term Philippines - Foreign relations - Spain
942 ## - ADDED ENTRY ELEMENTS (KOHA)
Source of classification or shelving scheme Library of Congress Classification
Koha item type Filipiniana
Holdings
Withdrawn status Lost status Source of classification or shelving scheme Damaged status Not for loan Home library Current library Date acquired Source of acquisition Total Checkouts Full call number Barcode Date last seen Copy number Price effective from Koha item type
    Library of Congress Classification     Rodriguez College Library Rodriguez College Library 01/20/2025 Donation   DS668 .R25958 2016 URSROD-5238 01/20/2025 1 01/20/2025 Filipiniana

University of Rizal System
Email us at univlibservices@urs.edu.ph

Visit our Website www.urs.edu.ph/library